Disney Movies - Statistics

General Stats
  • This quiz has been taken 333 times
    330 since last reset
  • The average score is 26 of 53
Answer Stats
Year Answer % Correct
1937 Snow White and the Seven Dwarves
95%
1950 Cinderella
93%
1959 Sleeping Beauty
87%
1991 Beauty and the Beast
85%
1989 The Little Mermaid
84%
2013 Frozen
82%
1992 Aladdin
81%
1998 Mulan
81%
2010 Tangled
78%
1994 The Lion King
75%
2009 The Princess and the Frog
73%
1995 Pocahontas
72%
1941 Dumbo
69%
1942 Bambi
68%
1967 The Jungle Book
67%
1940 Pinocchio
66%
1955 Lady and the Tramp
64%
1953 Peter Pan
64%
1940 Fantasia
63%
1997 Hercules
63%
1999 Tarzan
60%
1970 The Aristocats
56%
1951 Alice in Wonderland
51%
1996 The Hunchback of Notre Dame
50%
1973 Robin Hood
48%
1981 The Fox and The Hound
48%
1963 The Sword in the Stone
48%
1977 The Rescuers
47%
1961 One Hundred and One Dalmatians
44%
2012 Wreck-it Ralph
41%
2002 Lilo & Stitch
40%
1977 The Many Adventures of Winnie The Pooh
40%
1988 Oliver & Company
38%
2011 Winnie the Pooh
38%
2003 Brother Bear
32%
2001 Atlantis: The Lost Empire
31%
2008 Bolt
30%
1999 Fantasia 2000
30%
1985 The Black Cauldron
30%
2000 The Emperor's New Groove
30%
1990 The Rescuers Down Under
30%
2005 Chicken Little
26%
1986 The Great Mouse Detective
26%
2002 Treasure Planet
24%
2007 Meet the Robinsons
23%
2000 Dinosaur
20%
1946 Make Mine Music
20%
2004 Home on the Range
19%
1948 Melody Time
19%
1947 Fun and Fancy Free
18%
1944 The Three Caballeros
18%
1942 Saludos Amigos
16%
1949 The Adventures of Ichabod and Mr. Toad
15%
No matching quizzes found
Score Distribution
Percent of People with Each Score
Percentile by Number Answered
Your Score History
You have not taken this quiz since the last reset